<?xml version="1.0" encoding="UTF-8"?>
<collection xmlns="http://www.loc.gov/MARC21/slim">
 <record>
  <leader>00821nam a2200289   4500</leader>
  <controlfield tag="001">DLU210196480</controlfield>
  <controlfield tag="005">##20210528</controlfield>
  <datafield tag="040" ind1="#" ind2="#">
   <subfield code="a">DLU</subfield>
   <subfield code="b">vie</subfield>
  </datafield>
  <datafield tag="041" ind1="#" ind2="#">
   <subfield code="a">japengvie</subfield>
  </datafield>
  <datafield tag="044" ind1="#" ind2="#">
   <subfield code="a">vn</subfield>
  </datafield>
  <datafield tag="082" ind1="#" ind2="#">
   <subfield code="a">495.68</subfield>
   <subfield code="b">Chu</subfield>
  </datafield>
  <datafield tag="245" ind1="#" ind2="#">
   <subfield code="a">500 chữ Kanji cơ bản :</subfield>
   <subfield code="b">Giáo trình nhập môn chữ Kanji.</subfield>
   <subfield code="n">t.II </subfield>
   <subfield code="h">[Đĩa CD-ROM] /</subfield>
   <subfield code="c">Nguyễn Đỗ An Nhiên dịch; Trần Bảo Ngọc hiệu đính.</subfield>
  </datafield>
  <datafield tag="246" ind1="#" ind2="#">
   <subfield code="a">Practical Kanji</subfield>
  </datafield>
  <datafield tag="256" ind1="#" ind2="#">
   <subfield code="a">4 3/4 in.</subfield>
  </datafield>
  <datafield tag="260" ind1="#" ind2="#">
   <subfield code="a">Tp. Hồ Chí Minh :</subfield>
   <subfield code="b">Đại học Quốc gia,</subfield>
   <subfield code="c">2019.</subfield>
  </datafield>
  <datafield tag="300" ind1="#" ind2="#">
   <subfield code="a">1 CD-ROM ;</subfield>
   <subfield code="c">4 3/4 in.</subfield>
  </datafield>
  <datafield tag="923" ind1="#" ind2="#">
   <subfield code="a">03/2020</subfield>
  </datafield>
  <datafield tag="990" ind1="#" ind2="#">
   <subfield code="a">t.II</subfield>
  </datafield>
  <datafield tag="992" ind1="#" ind2="#">
   <subfield code="a">0</subfield>
  </datafield>
  <datafield tag="994" ind1="#" ind2="#">
   <subfield code="a">DLU</subfield>
  </datafield>
  <datafield tag="900" ind1="#" ind2="#">
   <subfield code="a">True</subfield>
  </datafield>
  <datafield tag="911" ind1="#" ind2="#">
   <subfield code="a">Nguyễn Thanh Hương</subfield>
  </datafield>
  <datafield tag="925" ind1="#" ind2="#">
   <subfield code="a">CD</subfield>
  </datafield>
  <datafield tag="926" ind1="#" ind2="#">
   <subfield code="a">A</subfield>
  </datafield>
  <datafield tag="927" ind1="#" ind2="#">
   <subfield code="a">CD</subfield>
  </datafield>
  <datafield tag="980" ind1="#" ind2="#">
   <subfield code="a">Thư viện Trường Đại học Đà Lạt</subfield>
  </datafield>
 </record>
</collection>
